|
|
|
|
| LEADER |
00000cam a2200000 a 4500 |
| 001 |
vtls008307910 |
| 003 |
SK-MaSNL |
| 005 |
20260301103736.0 |
| 008 |
230403s1971 xo e n 000 0 slo |
| 015 |
|
|
|a SNBA1971
|
| 035 |
|
|
|a SK01SNK19720000127
|
| 035 |
|
|
|a urn:nbn:sk:snk-aml6yo
|
| 035 |
|
|
|a urn:nbn:sk:snk-am008u46
|
| 035 |
|
|
|a ECE06A5C-87D0-41A6-8E1D-42FC17EDAEC8
|
| 035 |
|
|
|a SKM000002590
|
| 040 |
|
|
|a SNK
|b slo
|c SNK
|e AACR2
|
| 041 |
0 |
|
|a slo
|
| 044 |
|
|
|a xo
|c SK
|
| 080 |
|
|
|a 329.15KSČ(091)(075.8)
|2 1981
|
| 100 |
1 |
|
|a Pleva, Ján,
|d 1928 23. júl-
|4 aut
|9 37963
|
| 245 |
1 |
0 |
|a Študijná pomôcka k dejinám KSČ a medzinárodného robotníckeho hnutia
|b antológia základnej lit. pre posl. UK, VŠMU a VŠVU v Bratislave : učeb. text pre internú potrebu štud. Ústavu marxizmu-leninizmu
|n 2. diel
|c autori: Ján Pleva a kol.
|
| 250 |
|
|
|a 1. vyd.
|
| 260 |
|
|
|a Bratislava
|b Univerzita Komenského
|c 1971
|
| 300 |
|
|
|a 176 s.
|c 4°
|
| 366 |
|
|
|e 1500 výt.
|
| 490 |
1 |
|
|a Vysokoškolské skriptá
|
| 504 |
|
|
|a Bibliogr. odkazy
|
| 610 |
|
7 |
|a Komunistická strana Československa
|2 SNKKA
|9 32256
|
| 650 |
0 |
7 |
|a medzinárodné robotnícke hnutie
|x dejiny
|2 SNKPH
|9 419153
|
| 655 |
|
7 |
|a učebnice vysokých škôl
|2 SNKPH
|9 70191
|
| 810 |
2 |
|
|a Univerzita Komenského v Bratislave
|t Vysokoškolské skriptá
|9 277216
|
| 830 |
|
0 |
|a Vysokoškolské skriptá
|9 276440
|
| 852 |
|
|
|a Slovenská národná knižnica
|
| 954 |
|
|
|a odborná, vedecká literatúra pôvodná (slovenská)
|2 lita
|
| 958 |
|
|
|a OND
|
| 958 |
|
|
|a RM
|
| 958 |
|
|
|a UV
|
| 958 |
|
|
|a NB
|
| 958 |
|
|
|a EUIPO
|
| 999 |
|
|
|c 696113
|d 698043
|
| 952 |
|
|
|a SNK
|b SNK
|y PREZ
|7 0
|p 17A0893021
|o snkSB 17185/2
|i snkKSP 1176/72
|0 0
|1 0
|4 0
|d 2015-01-26
|f 1
|l 0
|r 2025-03-18 00:00:00
|w 2026-02-23
|